000 00402nam a2200169 4500
020 _a9788199238909
082 _aM3
_bNIZ/O
100 _aNizar Ilthumish
245 _aOnnam thalaikoothal/
_cby Nizar Ilthumish
250 _a7
260 _aKochi:
_bStory Slate,
_c2025.
300 _a162p.
650 _aNovel Malayalam
650 _aLiterature Malayalam
650 _aLiterature
942 _cBK
999 _c181832
_d181832